Reincidencia y delincuencia habitual: regulación legal, balance crítico y propuesta de lege ferenda (Registro nro. 2216)

Detalles MARC
000 -Cabecera
Campo de control de longitud fija 00796aam a2200277 4500
005 - Fecha y hora de la última transacción
Campo de control 20260302193143.0
008 - Elementos de longitud fija--Información general
Campo de control de longitud fija 150522b2008 xxu||||| |||| 00| 0 spa d
020 ## - International Standard Book Number
Número Internacional Estándar del Libro (ISBN) 9788498761719
041 ## - Idioma
Código de idioma Español
082 ## - Clasificación Decimal Dewey
Número de clasificación 364.1 G966r
100 ## - Entrada principal--Autor personal
Nombre personal Guisasola Lerma, Cristina
9 (RLIN) 19045
245 ## - Título propiamente dicho
Título Reincidencia y delincuencia habitual: regulación legal, balance crítico y propuesta de lege ferenda
260 ## - Pie de imprenta
Lugar de publicación, distribución, etc. España
260 ## - Pie de imprenta
Nombre del editor, distribuidor, etc. Tirant lo blanch
260 ## - Pie de imprenta
Fecha de publicación, distribución, etc. 2008
300 ## - Descripción física
Extensión 171 páginas
650 ## - Materia general
Temática (materia general) DELINCUENCIA
650 ## - Materia general
Temática (materia general) REINCIDENCIA
650 ## - Materia general
Temática (materia general) POLITICO CRIMINAL
650 ## - Materia general
Temática (materia general) EVOLUCIÓN LEGISLATIVA
650 ## - Materia general
Temática (materia general) HABITUALIDAD CRIMINAL
650 ## - Materia general
Temática (materia general) VALORACIÓN DE ANTECEDENTES PENALES
650 ## - Materia general
Temática (materia general) ESTUDIO COMPARADO
650 ## - Materia general
Temática (materia general) DERECHO PENAL
942 ## - Punto de acceso adicional KOHA
Tipo de ítem KOHA Libro
Fuente del sistema de clasificación o colocación Dewey Decimal Classification
Existencias
Signatura completa Código de barras Programa Académico Tipo de ítem
364.1 G966r 14982 Investigación Criminal Libro